000
00275nam a2200097Ia 4500
001
644207
005
20250826153600.0
008
250824s9999 xx 000 0 und d
245
0
_a
ŞİRİN İSTANBULU GEZİYORUM 16 BEŞİKTAŞ TA
_c
BİRSEN EKİM ÖZEN
260
_b
TİMAŞ ÇOCUK
999
_c
644207
_d
644207